| 000 | 00843nam a22002417a 4500 | ||
|---|---|---|---|
| 999 |
_c6497 _d6497 |
||
| 003 | AR-CdUCM | ||
| 008 | 190318b ||||| |||| 00| 0 spa d | ||
| 040 |
_aMUNICIPALIDAD PROVINCIAL DEL CUSCO _cBIBLIOTECA MUNICIPAL DEL CUSCO |
||
| 041 | _hfr, | ||
| 082 |
_a294.363 / _bF76 |
||
| 100 |
_aFoucher, A _918400 |
||
| 245 | _aBuda / | ||
| 260 |
_aBarcelona : _bGandesa, _c1963. |
||
| 300 |
_a438 paginas ; _bIlustraciones, _c21 cm. |
||
| 440 |
_aGrandes Figuras Históricas _918384 |
||
| 505 | _aContenido :El ciclo de kapilavastu --El ciclo de Magadha y de Benares (el segundo y el tercer gran peregrinaje ) --Los ciclos menores / | ||
| 650 |
_aReligión _91195 |
||
| 650 |
_aVocación religosa _918401 |
||
| 650 |
_aOficio de Buda _918402 |
||
| 700 |
_aFrancisco Rondón Bracons (traductor) _918403 |
||
| 942 |
_2ddc _cLIBROS |
||
| 945 | _arjall | ||